| 000 | 00543ntaaa2200181 4500 | ||
|---|---|---|---|
| 003 | 01 | ||
| 005 | 20251027201359.0 | ||
| 008 | 0714s1973 ag 01 | ||
| 040 |
_aAR-BaBN _bspa _cAR-BaBN _eaacr _dRIC |
||
| 082 | _a225.59179 B47 | ||
| 245 | _aEl Nuevo Testamento de Nuestro Señor y Salvador Jesucristo; y Salmos. | ||
| 250 | _a1 ed. | ||
| 260 |
_aStockolmo : _bCompañerismo para la Extensión del Evangelio en Rusia, _c1942 |
||
| 300 | _a376 p., 97 p. | ||
| 500 | _aDe la lengua griega en ucraniano | ||
| 650 |
_aUcraniano _912279 |
||
| 942 | _cBK | ||
| 999 |
_c8335 _d8335 |
||